Asturias y América / (Registro nro. 44624)
[ vista simple ]
| 000 -LEADER | |
|---|---|
| fixed length control field | 01307cam a2200337 i 4500 |
| 001 - CONTROL NUMBER | |
| control field | 44624 |
| 003 - CONTROL NUMBER IDENTIFIER | |
| control field | Mx-PuUPA |
| 005 - DATE AND TIME OF LATEST TRANSACTION | |
| control field | 20191008155858.0 |
| 008 - FIXED-LENGTH DATA ELEMENTS--GENERAL INFORMATION | |
| fixed length control field | 140415s1992 sp r 000 0 spa d |
| 020 ## - INTERNATIONAL STANDARD BOOK NUMBER | |
| International Standard Book Number | 8471000700 |
| 040 ## - CATALOGING SOURCE | |
| Original cataloging agency | Mx-PuUPA |
| Language of cataloging | spa |
| Transcribing agency | Mx-PuUPA |
| Modifying agency | Mx-PuUPA |
| Description conventions | rda |
| 041 0# - LANGUAGE CODE | |
| Language code of text/sound track or separate title | spa |
| 100 1# - MAIN ENTRY--PERSONAL NAME | |
| Personal name | Rodríguez González, Jesús Jerónimo, |
| 9 (RLIN) | 9002 |
| Dates associated with a name | 1955- |
| Relator term | autor |
| 245 10 - TITLE STATEMENT | |
| Title | Asturias y América / |
| Statement of responsibility, etc. | Jesús Jerónimo Rodríguez González ; director coordinador, José Andrés-Gallego |
| 264 #4 - PRODUCTION, PUBLICATION, DISTRIBUTION, MANUFACTURE, AND COPYRIGHT NOTICE | |
| Place of production, publication, distribution, manufacture | Madrid : |
| Name of producer, publisher, distributor, manufacturer | Editorial MAPFRE, |
| Date of production, publication, distribution, manufacture, or copyright notice | ©1992 |
| 300 ## - PHYSICAL DESCRIPTION | |
| Extent | 339 páginas ; |
| Dimensions | 23 cm. |
| 336 ## - CONTENT TYPE | |
| Fuente | rdacontent |
| Content type term | texto |
| Content type code | txt |
| 337 ## - MEDIA TYPE | |
| Source | rdamedia |
| Media type term | sin medio |
| Media type code | n |
| 338 ## - CARRIER TYPE | |
| Source | rdacarrier |
| Carrier type term | volumen |
| Carrier type code | nc |
| 490 0# - SERIES STATEMENT | |
| Series statement | Colecciones MAPFRE 1492 ; |
| Volume/sequential designation | X. |
| 490 1# - SERIES STATEMENT | |
| Series statement | Colección las Españas y América ; |
| Volume/sequential designation | 12 |
| 650 #4 - SUBJECT ADDED ENTRY--TOPICAL TERM | |
| Topical term or geographic name entry element | Asturianos |
| Geographic subdivision | América Latina |
| General subdivision | Historia |
| 651 #4 - SUBJECT ADDED ENTRY--GEOGRAPHIC NAME | |
| Geographic name | Latinoamérica |
| General subdivision | Relaciones |
| Geographic subdivision | España |
| -- | Asturias |
| 651 #4 - SUBJECT ADDED ENTRY--GEOGRAPHIC NAME | |
| Geographic name | Asturias (España) |
| General subdivision | Relaciones |
| Geographic subdivision | Latinoamérica |
| 700 1# - ADDED ENTRY--PERSONAL NAME | |
| Personal name | Andrés-Gallego, José, |
| Relator term | director coordinador |
| 800 1# - SERIES ADDED ENTRY--PERSONAL NAME | |
| Personal name | Hernández Sánchez-Barda, Mario, |
| Relator term | director |
| Title of a work | Colección las Españas y América ; |
| Volume/sequential designation | 12 |
| 942 ## - ADDED ENTRY ELEMENTS (KOHA) | |
| Source of classification or shelving scheme | Dewey Decimal Classification |
| Koha item type | Libro |
| Classification part | 910.9 |
| Item part | L337 |
| Withdrawn status | Lost status | Source of classification or shelving scheme | Damaged status | Not for loan | Collection code | Home library | Current library | Shelving location | Date acquired | Source of acquisition | Serial Enumeration / chronology | Total Checkouts | Full call number | Barcode | Price effective from | Koha item type | Date last seen | Copy number |
|---|---|---|---|---|---|---|---|---|---|---|---|---|---|---|---|---|---|---|
| Descarte | Dewey Decimal Classification | General | Biblioteca Karol Wojtyla | Biblioteca Karol Wojtyla | Sala general | 03/12/2013 | Compra | v.12 | 910.9 L337 1992 | 67091 | 18/08/2015 | Libro | ||||||
| Dewey Decimal Classification | General | Biblioteca Karol Wojtyla | Biblioteca Karol Wojtyla | Sala general | 03/12/2013 | Compra | v.12 | 910.9 L337 1992 | 67092 | 18/08/2015 | Libro | 05/01/2026 | Ej.1 |